<?xml version="1.0" encoding="UTF-8"?>
<record
    xmlns:xsi="http://www.w3.org/2001/XMLSchema-instance"
    xsi:schemaLocation="http://www.loc.gov/MARC21/slim http://www.loc.gov/standards/marcxml/schema/MARC21slim.xsd"
    xmlns="http://www.loc.gov/MARC21/slim">

  <leader>00913nam a2200193 a 4500</leader>
  <controlfield tag="005">20161219171305.0</controlfield>
  <controlfield tag="008">161219b2016    ck bdo||r|||| 00| 0 spa d</controlfield>
  <datafield tag="040" ind1=" " ind2=" ">
    <subfield code="a">CO-BoIAVH </subfield>
    <subfield code="c">CO-BoIAVH </subfield>
  </datafield>
  <datafield tag="041" ind1="0" ind2=" ">
    <subfield code="a">spa</subfield>
  </datafield>
  <datafield tag="044" ind1=" " ind2=" ">
    <subfield code="a">ck</subfield>
  </datafield>
  <datafield tag="082" ind1="0" ind2="4">
    <subfield code="a">333.95068</subfield>
    <subfield code="b">P69r</subfield>
  </datafield>
  <datafield tag="245" ind1="0" ind2="0">
    <subfield code="a">Plan regional de biodiversidad del choco PBCH, 2016 - 2031 : </subfield>
    <subfield code="b">res&#xFA;men ejecutivo</subfield>
  </datafield>
  <datafield tag="260" ind1=" " ind2=" ">
    <subfield code="a">Quibd&#xF3; (Colombia) :</subfield>
    <subfield code="b">CODECHOC&#xD3; : </subfield>
    <subfield code="b">Universidad Tecnol&#xF3;gica del Choc&#xF3; Diego Luis C&#xF3;rdoba : </subfield>
    <subfield code="b">Gobernaci&#xF3;n del Choc&#xF3;, </subfield>
    <subfield code="c">2016.</subfield>
  </datafield>
  <datafield tag="300" ind1=" " ind2=" ">
    <subfield code="a">32 p&#xE1;ginas : </subfield>
    <subfield code="b">mapas, tablas y fotograf&#xED;as a color ; </subfield>
    <subfield code="c">27 x 22 cm.</subfield>
  </datafield>
  <datafield tag="650" ind1="2" ind2="6">
    <subfield code="a">Gesti&#xF3;n ambiental</subfield>
    <subfield code="y">2016-2031</subfield>
    <subfield code="z">Choc&#xF3; (Departamento, Colombia)</subfield>
    <subfield code="v">planes</subfield>
  </datafield>
  <datafield tag="650" ind1="2" ind2="6">
    <subfield code="a">Biodiversidad</subfield>
    <subfield code="x">Gesti&#xF3;n</subfield>
    <subfield code="y">2016-2031</subfield>
    <subfield code="z">Choc&#xF3; (Departamento, Colombia)</subfield>
    <subfield code="v">planes</subfield>
  </datafield>
  <datafield tag="650" ind1="2" ind2="6">
    <subfield code="a">Conservaci&#xF3;n de la diversidad biol&#xF3;gica</subfield>
    <subfield code="y">2016-2031</subfield>
    <subfield code="z">Choc&#xF3; (Departamento, Colombia)</subfield>
    <subfield code="v">planes</subfield>
  </datafield>
  <datafield tag="942" ind1=" " ind2=" ">
    <subfield code="2">ddc</subfield>
    <subfield code="c">LIBRO</subfield>
  </datafield>
  <datafield tag="999" ind1=" " ind2=" ">
    <subfield code="c">19198</subfield>
    <subfield code="d">19198</subfield>
  </datafield>
  <datafield tag="952" ind1=" " ind2=" ">
    <subfield code="0">0</subfield>
    <subfield code="1">0</subfield>
    <subfield code="2">ddc</subfield>
    <subfield code="4">0</subfield>
    <subfield code="7">0</subfield>
    <subfield code="8">GENERAL</subfield>
    <subfield code="I">INV2017</subfield>
    <subfield code="a">Bogota</subfield>
    <subfield code="b">Bogota</subfield>
    <subfield code="d">2016-12-19</subfield>
    <subfield code="e">Instituto</subfield>
    <subfield code="g">39000.00</subfield>
    <subfield code="l">0</subfield>
    <subfield code="o">LB-333.95068 P69r</subfield>
    <subfield code="p">040893</subfield>
    <subfield code="r">2016-12-19 00:00:00</subfield>
    <subfield code="t">Ej. 1</subfield>
    <subfield code="w">2016-12-19</subfield>
    <subfield code="x">Donacion</subfield>
    <subfield code="y">LIBRO</subfield>
  </datafield>
  <datafield tag="952" ind1=" " ind2=" ">
    <subfield code="0">0</subfield>
    <subfield code="1">0</subfield>
    <subfield code="2">ddc</subfield>
    <subfield code="4">0</subfield>
    <subfield code="7">0</subfield>
    <subfield code="8">GENERAL</subfield>
    <subfield code="I">INV2017</subfield>
    <subfield code="a">Venado</subfield>
    <subfield code="b">Venado</subfield>
    <subfield code="d">2016-12-19</subfield>
    <subfield code="e">Instituto</subfield>
    <subfield code="g">39000.00</subfield>
    <subfield code="l">0</subfield>
    <subfield code="o">LB-333.95068 P69r</subfield>
    <subfield code="p">040894</subfield>
    <subfield code="r">2016-12-19 00:00:00</subfield>
    <subfield code="t">Ej. 2</subfield>
    <subfield code="w">2016-12-19</subfield>
    <subfield code="x">Donacion</subfield>
    <subfield code="y">LIBRO</subfield>
  </datafield>
</record>
